UM Logo

Writing anxiety among english major students in UM Digos College: (Record no. 13918)

MARC details
000 -LEADER
fixed length control field 00638nam a22001577a 4500
008 - FIXED-LENGTH DATA ELEMENTS--GENERAL INFORMATION
fixed length control field 190517b ||||| |||| 00| 0 eng d
082 ## - DEWEY DECIMAL CLASSIFICATION NUMBER
Edition number 2018
Classification number UT 1320
Item number B11
100 ## - MAIN ENTRY--PERSONAL NAME
Personal name Bocaoco, Claudee Jade B.
9 (RLIN) 38755
245 ## - TITLE STATEMENT
Title Writing anxiety among english major students in UM Digos College:
Remainder of title basis for enhancement program /
Statement of responsibility, etc. Claudee Jade B. Bocaoco, Rena Jane Z. Mangaga, and Thea Clarisse F. Nieve.
260 ## - PUBLICATION, DISTRIBUTION, ETC. (IMPRINT)
Place of publication, distribution, etc. Digos City:
Name of publisher, distributor, etc. UMDC,
Date of publication, distribution, etc. October 2018.
300 ## - PHYSICAL DESCRIPTION
Extent 58 pages;
Dimensions 30 cm.
650 ## - SUBJECT ADDED ENTRY--TOPICAL TERM
Topical term or geographic name as entry element English
General subdivision Undergraduate thesis.
9 (RLIN) 38742
700 ## - ADDED ENTRY--PERSONAL NAME
Personal name Mangaga, Rena Jane Z.
9 (RLIN) 38756
700 ## - ADDED ENTRY--PERSONAL NAME
Personal name Nieve, Thea Clarisse F.
9 (RLIN) 38757
942 ## - ADDED ENTRY ELEMENTS (KOHA)
Source of classification or shelving scheme Dewey Decimal Classification
Koha item type Undergraduate Thesis
Holdings
Withdrawn status Lost status Source of classification or shelving scheme Damaged status Not for loan Home library Current library Date acquired Total Checkouts Full call number Barcode Date last seen Copy number Price effective from Koha item type
    Dewey Decimal Classification     UM Digos College - LIC UM Digos College - LIC 04/23/2019   UT 1320 B11 2018 UT1320 05/17/2019 1 05/17/2019 Undergraduate Thesis